00449 2200169 4500001002100000008004100021035002000062245005900082100001800141260003300159300001200192020002200204084001400226082000800240650001200248990001900260INLIS000000000003543 ind  a0010-0824000042 aEnsiklomini NusantarabKejayaan BangsakucOkta Nugraha aNugraha, Okta aJawa Tengah :bSahabatc2008 a68 hlm. a978-979-029-087-X a959 OKT e a959 aSejarah aP29/CP/24/3542